Australia y Oceanía / (Record no. 1033)

000 -CABECERA
fixed length control field 01205nam a22002537a 4500
003 - IDENTIFICADOR DEL NÚMERO DE CONTROL
control field AR-CdUCM
008 - DATOS DE LONGITUD FIJA--INFORMACIÓN GENERAL
fixed length control field 190226b ||||| |||| 00| 0 spa d
040 ## - FUENTE DE LA CATALOGACIÓN
Agencia/entidad que catalogó originalmente la obra MUNICIPALIDAD PROVINCIAL DEL CUSCO
Entidad que transcribió la catalogación BIBLIOTECA MUNICIPAL DEL CUSCO
082 ## - NÚMERO DE LA CLASIFICACIÓN DECIMAL DEWEY
No. de Clasificación 919 /
Notacion interna K84
100 ## - ENTRADA PRINCIPAL--NOMBRE DE PERSONA
Nombre Personal Krug, Hans Joachim
245 ## - MENCIÓN DE TÍTULO
Título Australia y Oceanía /
260 ## - PUBLICACIÓN, DISTRIBUCIÓN, ETC.
Lugar de publicación, distribución, etc. México :
Nombre de la editorial, distribuidor, etc. Unión Tipográfica Editorial Hispano Americana,
Fecha de publicación, distribución, etc. 1961.
300 ## - DESCRIPCIÓN FÍSICA
Nº de Páginas Extensión VII, 245 páginas ;
Dimensiones 16.5 cm.
440 ## - MENCIÓN DE SERIE/PUNTO DE ACCESO ADICIONAL--TÍTULO
Título Geografía
Número de la parte/sección de una obra , 3.
9 (RLIN) 4019
505 ## - NOTA DE CONTENIDO CON FORMATO
Nota de contenido formateada Contenido: AUSTRALIA -- Historia del descubrimiento -- Bases geográficas y geológicas -- Divisiones políticas -- Descripción física -- Clima -- Flora y fauna -- OCEANÍA -- Clima -- Flora y fauna -- Habitantes del mundo insular de OCEANÍA -- Melanesia, zona de transición y Polinesia -- Micronesia -- Polinesia -- Islas de Hawai o Sandwich ...
650 ## - PUNTO DE ACCESO ADICIONAL DE MATERIA--TÉRMINO DE MATERIA
Descriptor Australia - descripciones y viajes
9 (RLIN) 4020
650 ## - PUNTO DE ACCESO ADICIONAL DE MATERIA--TÉRMINO DE MATERIA
Descriptor Oceanía - descripciones y viajes
9 (RLIN) 4021
650 ## - PUNTO DE ACCESO ADICIONAL DE MATERIA--TÉRMINO DE MATERIA
Descriptor Siglo XX
9 (RLIN) 8
700 ## - PUNTO DE ACCESO ADICIONAL--NOMBRE DE PERSONA
Nombre Personal Arago Cabañas, Arago Cabañas (Traductor)
9 (RLIN) 4022
942 ## - ELEMENTOS DE PUNTO DE ACCESO ADICIONAL (KOHA)
Fuente de clasificación
Tipo de item Libros-BMC
945 ## - PROCESAMIENTO DE INFORMACIÓN LOCAL (OCLC)
Catalogador lccs
AAAA-MM-DD - Fecha de ingreso o modificacion 2019-02-26
Holdings
Estado de retiro (separado) Fuente de clasificación o esquema de estanterías Estado dañado Ubicación Sala donde se ubica Nombre de la colección Fecha de adquisición o compra Costo, precio normal en soles Signatura topográfica Código de Barras Última vez visto (Koha) Tipo de ítem (Koha)
No     Sala Humanidades Sala Humanidades Book Cart 2019-02-26 15.00 919 / K84 SH0000001110 2019-02-26 Libros-BMC

Powered by Koha